Bezpečnosť výrobkov v zariadeniach cestovného ruchu diplomová práca

Uložené v:
Podrobná bibliografia
Hlavný autor: Skubachová, Tatiana
Korporativný autor: Obchodná fakulta EU. Katedra tovaroznalectva a kvality tovaru
Ďalší autori: Košútová, Tatiana, 1962-
Médium: Kniha
Jazyk:Slovak
Vydavateľské údaje: Bratislava 2011
Tagy: Pridať tag
Žiadne tagy, Buďte prvý, kto otaguje tento záznam!

MARC

LEADER 00000nbm a2200000 4500
001 0131925
005 20161109101743.0
041 0 |a slo 
044 |a SK 
245 1 0 |a Bezpečnosť výrobkov v zariadeniach cestovného ruchu  |b diplomová práca  |c Tatiana Skubachová ; školiteľ: Tatiana Košútová 
264 1 |a Bratislava  |c 2011 
300 |a 93 s. 
100 1 |a Skubachová, Tatiana 
700 1 |a Košútová, Tatiana, 1962- 
710 2 |a Obchodná fakulta EU. Katedra tovaroznalectva a kvality tovaru